| 000 | 01118nam a2200337 a 4500 | ||
|---|---|---|---|
| 999 |
_c4745 _d4745 |
||
| 001 | 011203631 | ||
| 003 | UkOxU | ||
| 005 | 20220329070810.0 | ||
| 008 | 950223s1994 enk 001 0 eng d | ||
| 020 | _a0192624709 (hbk) | ||
| 020 | _a0192620517 (pbk) | ||
| 040 | _cALUPE UNIVERSITY | ||
| 050 |
_aRG571 _b.S74 1994 |
||
| 092 | _aD0502232876 | ||
| 100 | 1 | _aStevens, Lindsey. | |
| 245 | 1 | 0 |
_aEmergencies in obstetrics and gynaecology / _cLindsey Stevens ; in collaboration with Anthony Kenney |
| 260 |
_aOxford : _bOxford University Press, _cc1994 |
||
| 300 |
_ax, 265 p. : _bill. ; _c23 cm |
||
| 504 | _aIncludes bibliographical references. | ||
| 650 | 0 |
_aObstetrical emergencies _xHandbooks, manuals, etc. |
|
| 650 | 0 |
_aGynecologic emergencies _xHandbooks, manuals, etc. |
|
| 650 | 2 | _aGenital Diseases, Female. | |
| 650 | 2 | _aObstetrics. | |
| 650 | 2 | _aEmergencies. | |
| 650 | 2 | _aPregnancy Complications. | |
| 700 | 1 | _aKenney, Anthony. | |
| 830 | 0 | _aOxford handbooks in emergency medicine. | |
| 942 |
_2lcc _cBK _nJO |
||